| 000 | 00350nam a2200145Ia 4500 | ||
|---|---|---|---|
| 008 | 221030s9999 xx 000 0 und d | ||
| 041 | _aEnglish | ||
| 082 |
_a105.23 _bShe |
||
| 100 | _aR. D. Shepherd | ||
| 245 | 0 | _aIntroduction to Computers & Technology | |
| 260 |
_bCrest Pub _aNew Delhi _c2001 |
||
| 300 | _a344 | ||
| 650 | _aComputers | ||
| 942 | _cBK | ||
| 999 |
_c177 _d177 |
||